Vzdelávanie a rozvoj zamestnancov bakalárska práca

Na minha lista:
Detalhes bibliográficos
Autor principal: Alexyová, Sabína
Autor Corporativo: Obchodná fakulta EU. Katedra marketingu
Outros Autores: Matušovičová, Monika, 1967-
Formato: Livro
Idioma:eslovaco
Publicado em: Bratislava 2015
Tags: Adicionar Tag
Sem tags, seja o primeiro a adicionar uma tag!

MARC

LEADER 00000nbm a2200000 4500
001 0206512
005 20161212105732.8
041 0 |a slo 
044 |a SK 
245 1 0 |a Vzdelávanie a rozvoj zamestnancov  |b bakalárska práca  |c Sabína Alexyová ; školiteľ: Monika Matušovičová 
264 1 |a Bratislava  |c 2015 
300 |a 48 s. 
100 1 |a Alexyová, Sabína 
700 1 |a Matušovičová, Monika, 1967- 
710 2 |a Obchodná fakulta EU. Katedra marketingu